The Vampire Diaries - Statistics

General Stats
  • This quiz has been taken 1,196 times
  • The average score is 17 of 25
Answer Stats
Question Answer % Correct
How many season were there of TVD? 8
100%
Which Salvatore brother did Elena meet first? Damon
100%
Who was Stefan's best friend? Lexi Branson
94%
What was Elena and Jeremy's Aunt's name? Jenna Sommers
92%
Who's blood turned Stefan and Damon into Vampire's? Katherine Pierce
87%
Who's blood turned Elena into a Vampire? Damon Salvatore's
86%
Who was Bonnie's true love? Enzo
85%
Who was Elena's biological father? John Gilbert
85%
Who killed Caroline turning her into a Vampire? Katherine Pierce
83%
Who did Bonnie get stuck in the prison world with? Damon/Kai
82%
What month was Stefan and Caroline's wedding? June
77%
Who killed Enzo? Stefan
77%
How did Caroline's mom die? Cancer
75%
What was Damon and Stefan's mom's name? Lillian Salvatore
67%
What was the name's of Caroline and Alaric's kid's? Lizzie and Josie
65%
What was Stefan's Ripper name? The Ripper of Monterey
63%
What was the siren's name? Sybil
60%
What was Bonnie's mom's name? Abbie Bennett
51%
What was the name of the Heretic Stefan used to have a relationship with? Valerie Tulle
51%
Who was Arcadius/Cade? The devil
48%
How old was Stefan at the end of the show? 171
40%
How did Elena and Jeremy's parent's die? They drowned
38%
What was the first history teacher's name? Mr.Tanner
35%
What was the name of Bonnie's stuffed animal? Ms. Cuddles
25%
What was Elena's Hair color and Eye color in the book's? Blonde hair and blue Eyes
15%
No matching quizzes found
Score Distribution
Percent of People with Each Score
Percentile by Number Answered
Your Score History
You have not taken this quiz